Statistics for Countries that start with E

Click here to take the quiz!

General Stats

  • This quiz has been taken 63 times
  • The average score is 7 of 8

Answer Stats

HintAnswer% Correct
8Ethiopia
91%
1Ecuador
89%
6Estonia
87%
5Eritrea
85%
7Eswatini
81%
4Equatorial
Guinea
74%
2Egypt
72%
3El Salvador
72%

Score Distribution

Percentile by Number Answered

Percent of People with Each Score

Your Score History

You have not taken this quiz